[Event "ProMoPro2004"]
[Site "Praha"]
[Date "2004.09.16"]
[Round "6.17"]
[White "Rmoutil, Martin"]
[Black "Nepustil, Frantisek"]
[Result "0-1"]
[WhiteElo "2007"]
[BlackElo "1979"]
[PlyCount "68"]
[EventDate "2004.09.11"]

1. d4 Nf6 2. c4 c5 3. d5 e5 4. Nc3 d6 5. e4 g6 6. Nf3 Bg7 7. Be2 O-O 8. O-O Na6
9. a3 Nh5 10. Rb1 Nf4 11. b4 b6 12. Re1 f5 13. b5 Nc7 14. a4 Nxe2+ 15. Qxe2 f4
16. a5 g5 17. Kh1 g4 18. Ng1 Qh4 19. f3 Rf6 20. fxg4 Bxg4 21. Nf3 Qh5 22. Ra1
Rh6 23. axb6 axb6 24. Rxa8+ Nxa8 25. Bd2 Bf6 26. Ra1 Nc7 27. Ra7 Bh4 28. Kg1
Bg3 29. hxg3 Qh1+ 30. Kf2 Rh2 31. Qf1 fxg3+ 32. Ke1 Bxf3 33. Rxc7 Qxf1+ 34.
Kxf1 Rh1# 0-1

[Event "ProMoPro2004"]
[Site "Praha"]
[Date "2004.09.16"]
[Round "6.8"]
[White "Stross, Frantisek"]
[Black "Kubikova , Alena"]
[Result "1-0"]
[WhiteElo "2220"]
[BlackElo "2067"]
[PlyCount "61"]
[EventDate "2004.09.11"]

1. e4 e6 2. d4 d5 3. Nc3 Nf6 4. Bg5 dxe4 5. Nxe4 Nbd7 6. Nf3 Be7 7. Nxf6+ Nxf6
8. Bd3 c5 9. dxc5 Qa5+ 10. Qd2 Qxc5 11. O-O-O O-O 12. Rhe1 g6 13. Qf4 Nd5 14.
Bxe7 Qxe7 15. Qh6 Qf6 16. Kb1 Qg7 17. Qd2 Bd7 18. h4 h5 19. Ne5 Bc6 20. f3 Rad8
21. g4 Nf6 22. Qe2 hxg4 23. fxg4 Nd7 24. Nxc6 bxc6 25. h5 Rb8 26. b3 Nc5 27.
Qe5 Qxe5 28. Rxe5 Nxd3 29. Rxd3 gxh5 30. Rg5+ Kh7 31. Rh3 {cerny vzdal} 1-0

[Event "ProMoPro2004"]
[Site "Praha"]
[Date "2004.09.16"]
[Round "6.7"]
[White "Kastner, Kamil"]
[Black "Pokorny , Petr"]
[Result "0-1"]
[WhiteElo "2080"]
[BlackElo "2292"]
[PlyCount "60"]
[EventDate "2004.09.11"]

1. e4 c5 2. Nc3 d6 3. Bc4 Nf6 4. d3 a6 5. a4 Nc6 6. Nge2 e6 7. Nf4 Be7 8. O-O
O-O 9. Nh5 Nxh5 10. Qxh5 Nd4 11. Qd1 Bd7 12. Ne2 b5 13. Nxd4 bxc4 14. Ne2 cxd3
15. Qxd3 Bc6 16. c4 Rb8 17. Nc3 Bf6 18. Rd1 Bd4 19. Rb1 Qh4 20. Be3 Bxc3 21.
Qxc3 Bxe4 22. Ra1 Qg4 23. f3 Bxf3 24. Rd2 Be4 25. Qa5 f5 26. Re1 Rb3 27. Qxa6
Rd3 28. Rf2 Rxe3 29. Rxe3 Qd1+ 30. Rf1 30... Qd4 {bily vzdal} 0-1

[Event "ProMoPro2004"]
[Site "Praha"]
[Date "2004.09.16"]
[Round "6.13"]
[White "Novak, Vaclav"]
[Black "Trnka, Jaroslav"]
[Result "1/2-1/2"]
[WhiteElo "2109"]
[BlackElo "1880"]
[PlyCount "89"]
[EventDate "2004.09.11"]

1. e4 c5 2. Nf3 e6 3. d3 Qc7 4. Nc3 a6 5. g3 b5 6. Bg2 Bb7 7. O-O Nf6 8. Bf4 d6
9. Re1 e5 10. Bg5 Be7 11. Qd2 Nbd7 12. a3 h6 13. Be3 Ng4 14. Nd5 Bxd5 15. exd5
Nxe3 16. Qxe3 Rc8 17. c4 Nb6 18. b3 O-O 19. h4 Rce8 20. g4 Kh7 21. g5 f5 22. h5
Bxg5 23. Nxg5+ hxg5 24. Qxg5 Qf7 25. Rac1 Rc8 26. f4 Nd7 27. Re3 Qf6 28. Qg3
Rce8 29. Rce1 Re7 30. Kf2 Rfe8 31. Bh3 Rf7 32. Rg1 Nf8 33. Qf3 Ree7 34. Rg5
exf4 35. Qxf4 Rxe3 36. Qxe3 Re7 37. Bxf5+ Kh8 38. Qf4 Rf7 39. Kg3 Nh7 40. Rg6
Qa1 41. Rxd6 Qe1+ 42. Kf3 Qf1+ 43. Kg3 Qg1+ 44. Kf3 Qf1+ 45. Kg3 {remis}
1/2-1/2

[Event "ProMoPro2004"]
[Site "Praha"]
[Date "2004.09.16"]
[Round "6.2"]
[White "Petrik, Tomas"]
[Black "Virostko, Petr"]
[Result "1/2-1/2"]
[WhiteElo "2457"]
[BlackElo "2290"]
[PlyCount "82"]
[EventDate "2004.09.11"]

1. e4 e5 2. Nf3 Nc6 3. Bb5 a6 4. Bxc6 dxc6 5. O-O f6 6. d4 Bg4 7. dxe5 Qxd1 8.
Rxd1 fxe5 9. Rd3 Bd6 10. Nbd2 Nf6 11. Nc4 Bxf3 12. gxf3 g5 13. Bxg5 Rg8 14. h4
h6 15. Nxd6+ cxd6 16. Rxd6 hxg5 17. Rxf6 gxh4+ 18. Kf1 O-O-O 19. Ke2 Rh8 20.
Rh1 h3 21. Rg6 Rd7 22. Ke3 h2 23. Rg2 Rdh7 24. f4 exf4+ 25. Kxf4 Kd7 26. Ke3
Ke6 27. f4 Rh5 28. Rg7 Rh3+ 29. Ke2 R8h4 30. Rxb7 Rg4 31. Kf2 Rxf4+ 32. Kg2 Rh6
33. Rxh2 Rg6+ 34. Kh3 Rf8 35. Rh7 Rf3+ 36. Kh4 Rfg3 37. Rh8 R3g4+ 38. Kh3 Rg3+
39. Kh4 Ke7 40. Rh7+ Ke6 41. Rh8 41... R3g4+ {remis} 1/2-1/2

[Event "ProMoPro2004"]
[Site "Praha"]
[Date "2004.09.16"]
[Round "6.5"]
[White "Londyn, Radek"]
[Black "Prachar, Josef"]
[Result "1-0"]
[WhiteElo "2278"]
[BlackElo "2008"]
[PlyCount "63"]
[EventDate "2004.09.11"]

1. Nf3 d5 2. c4 e6 3. e3 Nf6 4. a3 a5 5. Nc3 Bd7 6. d4 Bc6 7. Ne5 Be7 8. Nxc6
Nxc6 9. Bd2 O-O 10. cxd5 exd5 11. g3 Qd7 12. Bg2 Rfe8 13. O-O Nd8 14. Rc1 c6
15. Na4 Qf5 16. Qc2 Qxc2 17. Rxc2 Ne6 18. Rfc1 Bf8 19. Be1 Nd7 20. Nc3 f5 21.
h4 h5 22. Ne2 a4 23. Bb4 Nb6 24. Bxf8 Rxf8 25. Nc3 Nc4 26. Nxd5 Nd6 27. Nb6 Ra6
28. Nd7 Rd8 29. Ne5 Nf7 30. Bf1 Raa8 31. Bc4 Rd6 32. Ba2 {cerny vzdal} 1-0

[Event "ProMoPro2004"]
[Site "Praha"]
[Date "2004.09.18"]
[Round "7.3"]
[White "Srba, Milan"]
[Black "Petrik, Tomas"]
[Result "0-1"]
[WhiteElo "2137"]
[BlackElo "2457"]
[PlyCount "132"]
[EventDate "2004.09.11"]

1. e4 e6 2. d4 d5 3. Nd2 c5 4. exd5 Qxd5 5. Ngf3 cxd4 6. Bc4 Qd6 7. O-O Nf6 8.
Re1 Nc6 9. Ne4 Nxe4 10. Rxe4 Be7 11. Nxd4 e5 12. Bf4 exf4 13. Nxc6 Qxd1+ 14.
Rxd1 bxc6 15. Rde1 Kf8 16. Rxe7 Be6 17. R1xe6 fxe6 18. Rc7 h5 19. Kf1 Rh6 20.
Ke2 Rf6 21. Rxc6 Rd8 22. b4 Ke7 23. Bb5 Rf7 24. c4 e5 25. Ra6 Kf8 26. Bc6 e4
27. Bxe4 Rd4 28. Bg6 Re7+ 29. Kf3 Rxc4 30. Rd6 Rec7 31. Re6 Re7 32. Rd6 Rec7
33. Re6 Rc8 34. a3 Rc3+ 35. Kxf4 Rxa3 36. Bxh5 Rb3 37. Kg5 Rxb4 38. f4 Rb6 39.
Re5 Rbc6 40. f5 Rc5 41. Re6 R5c6 42. Re5 Rb6 43. h4 a6 44. Ra5 Ke7 45. Be2 Rc2
46. Bf3 Rcb2 47. Re5+ Kd7 48. g4 R2b5 49. Re1 a5 50. Rd1+ Rd6 51. Ra1 Ke7 52.
h5 Rc5 53. Re1+ Kf8 54. Rb1 Rc7 55. Rb8+ Ke7 56. Ra8 Rd3 57. Be2 Rd2 58. Bb5
Rd5 59. Ba4 Rd4 60. Rxa5 Rcc4 61. Ra7+ Kf8 62. Ra8+ Ke7 63. Re8+ Kf7 64. f6
Rxg4+ 65. Kf5 Rcf4+ 66. Ke5 66... gxf6+ {bily vzdal} 0-1

[Event "ProMoPro2004"]
[Site "Praha"]
[Date "2004.09.18"]
[Round "8.5"]
[White "Simecek, Bohumil"]
[Black "Pokorny, Petr"]
[Result "1/2-1/2"]
[WhiteElo "2113"]
[BlackElo "2292"]
[PlyCount "29"]
[EventDate "2004.09.11"]

1. d4 d5 2. c4 c6 3. Nc3 Nf6 4. Nf3 dxc4 5. a4 Bf5 6. Ne5 Nbd7 7. Nxc4 Qc7 8.
g3 e5 9. dxe5 Nxe5 10. Bf4 Nfd7 11. Bg2 g5 12. Bxe5 Nxe5 13. Qd4 f6 14. Nxe5
Qxe5 15. Qxe5+ 1/2-1/2

[Event "ProMoPro2004"]
[Site "Praha"]
[Date "2004.09.18"]
[Round "8.21"]
[White "Tejkal, Jiri"]
[Black "Slechta, Karel"]
[Result "1/2-1/2"]
[WhiteElo "2048"]
[BlackElo "1957"]
[PlyCount "24"]
[EventDate "2004.09.11"]

1. d4 d5 2. Nf3 Nf6 3. c4 dxc4 4. Nc3 e6 5. e3 a6 6. Bxc4 c5 7. O-O Nc6 8. a3
cxd4 9. exd4 Be7 10. d5 exd5 11. Nxd5 Nxd5 12. Bxd5 12... O-O {remis} 1/2-1/2

[Event "ProMoPro2004"]
[Site "Praha"]
[Date "2004.09.18"]
[Round "8.26"]
[White "Petrak, Robert"]
[Black "Hornicek, Ondrej"]
[Result "1-0"]
[WhiteElo "2143"]
[BlackElo "1681"]
[PlyCount "55"]
[EventDate "2004.09.11"]

1. e3 d6 2. Ne2 g6 3. g3 Bg7 4. Bg2 c6 5. d4 f5 6. O-O Nf6 7. c4 O-O 8. Nbc3 e5
9. e4 fxe4 10. dxe5 dxe5 11. Qxd8 Rxd8 12. Nxe4 Nxe4 13. Bxe4 Be6 14. Bg5 Rd6
15. b3 h6 16. Be3 Na6 17. Rfd1 Rad8 18. Rxd6 Rxd6 19. c5 Rd8 20. Bxg6 Bg4 21.
Nc3 e4 22. Rc1 Bxc3 23. Rxc3 Rd1+ 24. Kg2 Bf3+ 25. Kh3 Kg7 26. Bf5 Ra1 27. Bd4+
Kf7 28. Rxf3 1-0

[Event "ProMoPro2004"]
[Site "Praha"]
[Date "2004.09.18"]
[Round "8.28"]
[White "Nosek, Filip"]
[Black "Zatko, Michal"]
[Result "1-0"]
[WhiteElo "1927"]
[BlackElo "1760"]
[PlyCount "47"]
[EventDate "2004.09.11"]

1. e4 e6 2. d4 d5 3. e5 c5 4. c3 Nc6 5. Nf3 Bd7 6. Bd3 Qb6 7. dxc5 Bxc5 8. O-O
a5 9. a4 Nge7 10. Na3 Ng6 11. Qe2 O-O 12. Nb5 Na7 13. h4 Nxb5 14. axb5 Qd8 15.
Ra4 Be7 16. h5 Nh4 17. Nxh4 Bxh4 18. Qg4 Be7 19. Bh6 g6 20. hxg6 fxg6 21. Bxg6
Rf7 22. Bxf7+ Kxf7 23. Qg7+ Ke8 24. Qg8+ 1-0

[Event "ProMoPro2004"]
[Site "Praha"]
[Date "2004.09.18"]
[Round "8.13"]
[White "Mejzlik, Ondrej"]
[Black "Szirmai, Emil"]
[Result "1-0"]
[WhiteElo "2025"]
[BlackElo "2084"]
[PlyCount "47"]
[EventDate "2004.09.11"]

1. c4 c5 2. Nc3 Nc6 3. g3 g6 4. Bg2 Bg7 5. f4 e5 6. fxe5 Nxe5 7. d3 d6 8. Nf3
Nxf3+ 9. Bxf3 Ne7 10. O-O O-O 11. Bf4 Bh3 12. Rf2 Nf5 13. Qd2 Re8 14. Re1 h6
15. g4 g5 16. gxf5 gxf4 17. Qxf4 Kh7 18. f6 Qxf6 19. Be4+ Rxe4 20. Qxe4+ Qg6+
21. Qxg6+ Kxg6 22. Rf3 Be6 23. Kf2 f5 24. Rg1+ 1-0

[Event "ProMoPro2004"]
[Site "Praha"]
[Date "2004.09.18"]
[Round "8.1"]
[White "Hausner, Ivan"]
[Black "Petrik, Tomas"]
[Result "0-1"]
[WhiteElo "2419"]
[BlackElo "2457"]
[PlyCount "42"]
[EventDate "2004.09.11"]

1. d4 e6 2. g3 Nf6 3. Bg2 d5 4. Nf3 Be7 5. O-O O-O 6. c4 dxc4 7. Ne5 Nc6 8.
Nxc6 bxc6 9. Na3 Bxa3 10. bxa3 Ba6 11. Bxc6 Rb8 12. Bf3 Nd5 13. e3 c5 14. dxc5
Qf6 15. e4 Qxa1 16. exd5 exd5 17. Bf4 Qxd1 18. Rxd1 c3 19. Bxb8 Rxb8 20. Rc1 c2
21. Kg2 Rb1 0-1

[Event "ProMoPro2004"]
[Site "Praha"]
[Date "2004.09.18"]
[Round "8.17"]
[White "Kastner, Kamil"]
[Black "Trnka, Jaroslav"]
[Result "1/2-1/2"]
[WhiteElo "2080"]
[BlackElo "1880"]
[PlyCount "38"]
[EventDate "2004.09.11"]

1. e4 c5 2. Nc3 e6 3. Bc4 a6 4. a4 Qc7 5. d3 Nc6 6. f4 d6 7. Nf3 g6 8. O-O Bg7
9. Be3 Nge7 10. Qe1 Nd4 11. Bxd4 cxd4 12. Ne2 Nc6 13. Qf2 Na5 14. Nfxd4 Nxc4
15. dxc4 Qxc4 16. c3 e5 17. b3 Qc7 18. fxe5 dxe5 19. Nc2 O-O 1/2-1/2

[Event "ProMoPro2004"]
[Site "Praha"]
[Date "2004.09.18"]
[Round "8.12"]
[White "Stepanek, Svatopluk"]
[Black "Slovak, Pavel"]
[Result "0-1"]
[WhiteElo "1767"]
[BlackElo "2103"]
[PlyCount "66"]
[EventDate "2004.09.11"]

1. e4 c5 2. Nf3 d6 3. d4 cxd4 4. Nxd4 Nf6 5. Nc3 a6 6. Be2 e6 7. O-O Be7 8. Be3
O-O 9. h4 Nc6 10. Bf3 Nxd4 11. Qxd4 Nd7 12. g3 Ne5 13. Bg2 Ng4 14. Bc1 Qc7 15.
Qd1 Ne5 16. Qe2 b5 17. f4 Nc4 18. b3 Nb6 19. Nd1 Bb7 20. Ne3 Bf6 21. Rb1 Rac8
22. c4 bxc4 23. Nxc4 Bc6 24. Nxb6 Qxb6+ 25. Be3 Qb7 26. Qf3 Be7 27. Bd4 f5 28.
Rfe1 Bxe4 29. Qe2 Qb4 30. Rbd1 Rc2 31. Qxa6 Rxg2+ 32. Kf1 Rd2 33. Qa7 Qb5+ 0-1

[Event "ProMoPro2004"]
[Site "Praha"]
[Date "2004.09.18"]
[Round "8.22"]
[White "Kamenik, Robert"]
[Black "Krivanek, Vladimir"]
[Result "0-1"]
[WhiteElo "2027"]
[BlackElo "1853"]
[PlyCount "46"]
[EventDate "2004.09.11"]

1. d4 Nf6 2. c4 e5 3. d5 Bc5 4. Nc3 O-O 5. e4 d6 6. f3 Nh5 7. g3 f5 8. Na4 Bd4
9. Ne2 Qf6 10. Nxd4 exd4 11. Bd3 f4 12. g4 Qh4+ 13. Ke2 Bxg4 14. fxg4 f3+ 15.
Kd2 Qf2+ 16. Be2 Nf4 17. Rf1 Qe3+ 18. Kc2 fxe2 19. Bxe3 exd1=Q+ 20. Raxd1 dxe3
21. Rde1 Nd7 22. Rxe3 Ne5 23. Ref3 Nxf3 0-1

[Event "ProMoPro2004"]
[Site "Praha"]
[Date "2004.09.18"]
[Round "8.31"]
[White "Hampel, Rudolf"]
[Black "Cozl, Miroslav"]
[Result "1-0"]
[WhiteElo "1785"]
[BlackElo "1525"]
[PlyCount "81"]
[EventDate "2004.09.11"]

1. e4 e5 2. Nf3 Nc6 3. Bb5 a6 4. Ba4 d6 5. h3 Bd7 6. c3 Be7 7. d4 exd4 8. cxd4
Bf6 9. Nc3 Nge7 10. Bb3 Ng6 11. Be3 h6 12. O-O Nh4 13. Nxh4 Bxh4 14. f4 h5 15.
f5 Na5 16. Bc2 Bg3 17. Qf3 h4 18. Qg4 Kf8 19. Rad1 Nc4 20. Bc1 c6 21. Ne2 Qe7
22. Nxg3 hxg3 23. Qxg3 Qh4 24. Qc3 b5 25. e5 Kg8 26. Rde1 c5 27. dxc5 Bc6 28.
cxd6 a5 29. b3 Bxg2 30. Kxg2 b4 31. Qg3 Qxg3+ 32. Kxg3 Nb6 33. e6 fxe6 34. fxe6
Nc8 35. e7 Nxd6 36. Bf4 Ne8 37. Be5 Nf6 38. Bxf6 gxf6 39. Rxf6 Kg7 40. Ref1
Rhg8 41. Kh2 1-0

[Event "ProMoPro2004"]
[Site "Praha"]
[Date "2004.09.18"]
[Round "8.6"]
[White "Mejzlik, Vojtech"]
[Black "Vedral, Oldrich"]
[Result "0-1"]
[WhiteElo "2097"]
[BlackElo "2280"]
[PlyCount "74"]
[EventDate "2004.09.11"]

1. c4 e5 2. Nc3 Nf6 3. e4 Bc5 4. d3 d6 5. h3 Be6 6. Nge2 Nc6 7. Bg5 h6 8. Bh4
Nxe4 9. Nxe4 Qxh4 10. Nxc5 dxc5 11. g3 Qe7 12. Bg2 Qd7 13. Qb3 Nb4 14. Rd1 c6
15. a3 Na6 16. O-O O-O 17. Kh2 Rad8 18. Qc3 Rfe8 19. f4 exf4 20. Nxf4 Qd4 21.
Qxd4 Rxd4 22. Be4 Nc7 23. Ne2 Rd7 24. Nc3 Red8 25. Rb1 f5 26. Bxf5 Bxf5 27.
Rxf5 Rxd3 28. Rbf1 Rd2+ 29. R1f2 R8d4 30. Kg2 Rxf2+ 31. Kxf2 Rxc4 32. Ke3 Nd5+
33. Nxd5 cxd5 34. Rxd5 Rc2 35. Kf4 Rf2+ 36. Ke5 Rxb2 37. Rxc5 Rb3 0-1

[Event "ProMoPro2004"]
[Site "Praha"]
[Date "2004.09.18"]
[Round "8.4"]
[White "Londyn, Radek"]
[Black "Benes, Petr"]
[Result "0-1"]
[WhiteElo "2278"]
[BlackElo "2140"]
[PlyCount "56"]
[EventDate "2004.09.11"]

1. b3 e5 2. Bb2 Nc6 3. c4 Nf6 4. e3 d5 5. cxd5 Nxd5 6. a3 Bd6 7. d3 Qe7 8. Nd2
O-O 9. Ngf3 f5 10. Qc2 Be6 11. b4 a6 12. Be2 Rac8 13. O-O Bf7 14. Nb3 Nb8 15.
Na5 c6 16. Nd2 b6 17. Nac4 Bc7 18. Bf3 Bg6 19. e4 Nf4 20. Ne3 fxe4 21. Bxe4
Rcd8 22. Bxg6 hxg6 23. Ne4 Nxd3 24. Rfd1 Nxb2 25. Qxb2 Kh8 26. g3 Rd4 27. Rxd4
exd4 28. Qxd4 Be5 0-1

[Event "ProMoPro2004"]
[Site "Praha"]
[Date "2004.09.18"]
[Round "8.25"]
[White "Nemec, Vaclav"]
[Black "Bohac, Jaroslav"]
[Result "0-1"]
[WhiteElo "1594"]
[BlackElo "1943"]
[PlyCount "74"]
[EventDate "2004.09.11"]

1. e4 c6 2. d4 d5 3. exd5 cxd5 4. Bd3 Nf6 5. Nf3 Bg4 6. c3 e6 7. Bf4 Bd6 8.
Bxd6 Qxd6 9. Nbd2 Nc6 10. Qc2 Rc8 11. Qb3 O-O 12. O-O Rc7 13. Rae1 Bxf3 14.
Nxf3 Nd7 15. Re3 g6 16. Rfe1 Re8 17. Bb5 a6 18. Bxc6 Qxc6 19. Ng5 h6 20. Nf3 b5
21. Ne5 Nxe5 22. Rxe5 Rec8 23. Qa3 Qb6 24. Qb3 Rc4 25. R5e3 a5 26. Rd3 b4 27.
cxb4 Rxb4 28. Rc3 Rb8 29. Qc2 Rxb2 30. Rc8+ Rxc8 31. Qxc8+ Kg7 32. Qc3 Rxa2 33.
h4 Ra4 34. Rd1 Rc4 35. Qe3 Qc7 36. f4 Rc3 37. Qe2 Qxf4 0-1

[Event "ProMoPro2004"]
[Site "Praha"]
[Date "2004.09.18"]
[Round "8.10"]
[White "Kout, Zdenek"]
[Black "Prachar, Josef"]
[Result "0-1"]
[WhiteElo "2139"]
[BlackElo "2008"]
[PlyCount "62"]
[EventDate "2004.09.11"]

1. c4 e5 2. Nc3 Nc6 3. Nf3 Nf6 4. g3 d5 5. cxd5 Nxd5 6. Bg2 Be6 7. O-O Be7 8.
d4 exd4 9. Nxd4 Nxd4 10. Qxd4 Nxc3 11. Qxc3 Bf6 12. Qb4 Bc8 13. Bf4 a5 14. Qe4+
Qe7 15. Qxe7+ Kxe7 16. Bxc7 Re8 17. Rfd1 Ra6 18. Rd2 Kf8 19. Rad1 g6 20. e4 Kg7
21. f4 Bg4 22. Re1 Rc8 23. Bd6 Bxb2 24. Rxb2 Rxd6 25. e5 Rd7 26. Reb1 Bf5 27.
Rxb7 Rxb7 28. Rxb7 Rc1+ 29. Kf2 Rc2+ 30. Kf3 Rxg2 31. e6 31... Bxe6 {
bily se vzdal} 0-1

[Event "ProMoPro2004"]
[Site "Praha"]
[Date "2004.09.18"]
[Round "8.2"]
[White "Stehno, Pavel"]
[Black "Virostko, Petr"]
[Result "0-1"]
[WhiteElo "2344"]
[BlackElo "2290"]
[Annotator ",P"]
[PlyCount "66"]
[EventDate "2004.09.11"]

1. e4 c5 2. Nf3 d6 3. d4 cxd4 4. Nxd4 Nf6 5. Nc3 a6 6. Be2 e5 7. Nf3 Be7 8. a4
O-O 9. Bg5 Be6 10. Bxf6 Bxf6 11. Nd2 Qc7 12. h4 Nc6 13. Nf1 Qd8 14. g3 Nd4 15.
Ne3 Rc8 16. Rc1 Be7 17. Ncd5 f5 18. exf5 Bxd5 19. Nxd5 Qa5+ 20. Nc3 d5 21. O-O
Rcd8 22. Bg4 Nxf5 23. Qe2 Bd6 24. Rcd1 Nd4 25. Qd3 Bc7 26. Ne2 Nxe2+ 27. Qxe2
Kh8 28. c4 d4 29. b3 Qb6 30. Rd3 Qg6 31. Re1 e4 32. Rdd1 e3 33. fxe3 33... d3 {
bily se vzdal} 0-1

[Event "ProMoPro2004"]
[Site "Praha"]
[Date "2004.09.18"]
[Round "8.23"]
[White "Neumannova, Monika"]
[Black "Stodolova, Kristyna"]
[Result "0-1"]
[WhiteElo "1672"]
[BlackElo "1996"]
[Annotator ",P"]
[PlyCount "78"]
[EventDate "2004.09.11"]

1. d4 b5 2. e4 Bb7 3. Bd3 a6 4. f3 e6 5. Be3 Nf6 6. Ne2 d6 7. O-O Be7 8. c3 c5
9. dxc5 dxc5 10. c4 b4 11. e5 Nfd7 12. f4 O-O 13. Qc2 f5 14. exf6 Nxf6 15. Nd2
Nbd7 16. Nf3 Re8 17. Rad1 Qc7 18. Ng3 Rad8 19. Ne5 Bd6 20. Nxd7 Rxd7 21. Rde1
e5 22. fxe5 Bxe5 23. Bf2 Red8 24. Bf5 Rd2 25. Be6+ Kh8 26. Qf5 Bxg3 27. hxg3
Qc6 28. Qh3 Rxb2 29. Re5 Re8 30. Bd5 Nxd5 31. Rxe8+ Qxe8 32. cxd5 Bxd5 33. Qf5
Bc6 34. Re1 Qa8 35. Qh3 Rxa2 36. Rc1 h6 37. Rxc5 Qf8 38. Rf5 Qc8 39. Kh2 39...
Bd7 {bila se vzdala} 0-1

[Event "ProMoPro2004"]
[Site "Praha"]
[Date "2004.09.18"]
[Round "8.25"]
[White "Jansa, Vaclav"]
[Black "Hoskovec , Josef"]
[Result "0-1"]
[WhiteElo "2076"]
[BlackElo "1864"]
[Annotator ",P"]
[PlyCount "110"]
[EventDate "2004.09.11"]

1. e4 e6 2. d3 d5 3. Nd2 c5 4. Ngf3 Nc6 5. g3 Bd6 6. Bg2 Nge7 7. O-O O-O 8. Re1
Qc7 9. c3 Ng6 10. Nf1 d4 11. h4 Nge5 12. Nxe5 Bxe5 13. f4 Bf6 14. c4 g6 15. h5
e5 16. Nh2 exf4 17. gxf4 Bd7 18. Rf1 h6 19. Ng4 Bg7 20. hxg6 fxg6 21. Bd2 h5
22. Nh2 Bh6 23. e5 Bf5 24. Qe2 Rae8 25. Rf2 Nb4 26. Bxb4 cxb4 27. Be4 Re7 28.
Bxf5 Rxf5 29. Qe4 Bxf4 30. Rg2 Bxh2+ 31. Rxh2 Rg5+ 32. Rg2 Qxe5 33. Kh1 Qxe4
34. dxe4 Rxg2 35. Kxg2 Rxe4 36. Kf3 Re3+ 37. Kf4 Re2 38. b3 Kg7 39. Rd1 Rxa2
40. Rxd4 Rb2 41. Rd7+ Kf6 42. Rxb7 Rxb3 43. Ke4 a5 44. Rb6+ Kg5 45. Rb5+ Kg4
46. Rxa5 h4 47. c5 h3 48. c6 h2 49. Ra1 Rc3 50. Kd5 b3 51. Kd6 b2 52. Rb1 Rc1
53. c7 h1=Q 54. c8=Q+ Rxc8 55. Rxh1 Rc1 0-1

[Event "ProMoPro2004"]
[Site "Praha"]
[Date "2004.09.18"]
[Round "8.27"]
[White "Horak, Karel"]
[Black "Marsalek, Lubos"]
[Result "1/2-1/2"]
[WhiteElo "1671"]
[BlackElo "2009"]
[Annotator ",P"]
[PlyCount "112"]
[EventDate "2004.09.11"]

1. d4 Nf6 2. c4 g6 3. Nc3 d6 4. e4 Bg7 5. Nf3 O-O 6. h3 Nbd7 7. Be2 e5 8. Be3
Re8 9. d5 Nc5 10. Nd2 Qe7 11. a3 Rf8 12. g4 Ne8 13. Nb3 f5 14. Nxc5 dxc5 15.
gxf5 gxf5 16. exf5 Bxf5 17. Kd2 b6 18. Qg1 Kh8 19. Qg5 Qd7 20. Qg2 Nd6 21. Rag1
Rg8 22. Qf3 Raf8 23. Qh5 Ne4+ 24. Nxe4 Bxe4 25. f3 Bf5 26. Kc3 Qa4 27. Bd1 Qa5+
28. Kb3 b5 29. Qh4 bxc4+ 30. Qxc4 Rb8+ 31. Ka2 e4 32. Rh2 exf3 33. Bxc5 Be5 34.
Bd4 Rxg1 35. Bxe5+ Rg7 36. Qd4 Rbg8 37. Bxf3 Qe1 38. Rh1 Qa5 39. Rg1 Bg6 40.
Bxg7+ Rxg7 41. Be4 Qb6 42. Qxb6 axb6 43. Bxg6 hxg6 44. a4 Kh7 45. Kb3 Rf7 46.
Rg3 Rf4 47. Rd3 Kg7 48. Ka3 Kf7 49. b3 Ke7 50. Rg3 Kd6 51. Rxg6+ Kxd5 52. Rg5+
Kd6 53. Rg4 Rf3 54. h4 Rh3 55. Kb4 Kc6 56. Kc4 Kd6 1/2-1/2

[Event "ProMoPro2004"]
[Site "Praha"]
[Date "2004.09.18"]
[Round "8.18"]
[White "Rmoutil, Martin"]
[Black "Hlavnicka, Jan"]
[Result "1-0"]
[WhiteElo "2007"]
[BlackElo "1864"]
[PlyCount "47"]
[EventDate "2004.09.11"]

1. d4 d5 2. c4 e6 3. Nc3 g6 4. Nf3 Bg7 5. Bg5 f6 6. Bf4 Ne7 7. h4 c6 8. Qc2 Nd7
9. O-O-O e5 10. dxe5 fxe5 11. Bg5 d4 12. Ne4 Qc7 13. h5 gxh5 14. Bxe7 Kxe7 15.
Rxh5 Nf8 16. Qd2 Ne6 17. e3 c5 18. exd4 cxd4 19. Qb4+ Kd8 20. Nc3 Nf4 21. Rh4
a6 22. Rxf4 exf4 23. Nd5 Qf7 24. Qb6+ {cerny se vzdal} 1-0

[Event "ProMoPro2004"]
[Site "?"]
[Date "2004.09.18"]
[Round "8.7"]
[White "Stross, Frantisek"]
[Black "Srba, Milan"]
[Result "1-0"]
[WhiteElo "2220"]
[BlackElo "2137"]
[PlyCount "67"]
[EventDate "2004.??.??"]

1. e4 e6 2. d4 d5 3. Nc3 Nf6 4. Bg5 Be7 5. e5 Nfd7 6. h4 Bxg5 7. hxg5 Qxg5 8.
Qd3 g6 9. Nf3 Qe7 10. O-O-O a6 11. Qe3 Nb6 12. Bd3 Bd7 13. Kb1 Nc6 14. Rh6 Na5
15. Qg5 Na4 16. Nxa4 Bxa4 17. Qf6 Kd7 18. Rdh1 Bb5 19. Rxh7 Rxh7 20. Rxh7 Qxf6
21. exf6 e5 22. Bxg6 exd4 23. Rxf7+ Kd6 24. Nxd4 Bd7 25. f4 Re8 26. Rxd7+ Kxd7
27. Bxe8+ Kxe8 28. g4 Kf7 29. g5 Nc4 30. Nf3 Ne3 31. Ne5+ Ke6 32. f7 Ke7 33. g6
Nf5 34. Nd7 {cerny se vzdal} 1-0

[Event "ProMoPro2004"]
[Site "?"]
[Date "2004.09.18"]
[Round "8.14"]
[White "Kubikova, Alena"]
[Black "Forman, Miroslav"]
[Result "1/2-1/2"]
[WhiteElo "2067"]
[BlackElo "2023"]
[PlyCount "64"]
[EventDate "2004.??.??"]

1. e4 c5 2. Nf3 e6 3. d4 cxd4 4. Nxd4 a6 5. Bd3 Bc5 6. Nb3 Ba7 7. O-O Ne7 8. e5
Nbc6 9. Bf4 Ng6 10. Bxg6 fxg6 11. N1d2 O-O 12. Bg3 b5 13. Ne4 h5 14. h3 Ne7 15.
Nd6 Nf5 16. Nxf5 Rxf5 17. Nd4 Rf8 18. Qd3 Bb7 19. c3 h4 20. Bh2 Qg5 21. f3 Bd5
22. b3 Rac8 23. Kh1 Rc7 24. Ne2 Kh7 25. Rae1 Be3 26. Bg1 Bxg1 27. Nxg1 Rfc8 28.
Ne2 Qxe5 29. Rc1 Qg5 30. Rfd1 Qf5 31. Nd4 Qg5 32. Ne2 32... Rf8 {remis} 1/2-1/2

[Event "ProMoPro2004"]
[Site "?"]
[Date "2004.09.18"]
[Round "8.11"]
[White "Krischke, Arnold"]
[Black "Horinek, Karel"]
[Result "0-1"]
[WhiteElo "2133"]
[BlackElo "1941"]
[PlyCount "108"]
[EventDate "2004.??.??"]

1. c4 e5 2. Nc3 Nc6 3. Nf3 f5 4. d4 e4 5. d5 exf3 6. dxc6 fxg2 7. cxd7+ Bxd7 8.
Bxg2 c6 9. Bf4 Bc5 10. Bd6 Bxd6 11. Qxd6 Qe7 12. O-O-O Qxd6 13. Rxd6 Nf6 14.
Rhd1 O-O-O 15. Na4 Rhe8 16. e3 Be6 17. Bh3 Rxd6 18. Rxd6 Kc7 19. Rd2 Bxc4 20.
Bxf5 Bxa2 21. Nc5 Bd5 22. e4 Bg8 23. f3 a5 24. Kc2 b6 25. Nd3 g6 26. Bh3 a4 27.
e5 Bb3+ 28. Kc3 Nd5+ 29. Kd4 g5 30. Ke4 Rf8 31. Bf5 h6 32. h4 Ne7 33. Bg4 Bd5+
34. Ke3 Nf5+ 35. Bxf5 Rxf5 36. Rf2 c5 37. hxg5 hxg5 38. f4 gxf4+ 39. Rxf4 Rh5
40. Rg4 Rh3+ 41. Kd2 Rh2+ 42. Kc3 Bb3 43. Nf4 Rc2+ 44. Kd3 Rxb2 45. Rg7+ Kd8
46. e6 a3 47. Kc3 Ba4 48. Nd5 Rc2+ 49. Kd3 c4+ 50. Kd4 a2 51. e7+ Kd7 52. Nxb6+
Ke8 53. Rg1 Rd2+ 54. Kxc4 54... Rd1 {bily se vzdal} 0-1

[Event "ProMoPro2004"]
[Site "?"]
[Date "2004.09.18"]
[Round "8.19"]
[White "Benes, Pavel"]
[Black "Novotny, Michal"]
[Result "0-1"]
[WhiteElo "1852"]
[BlackElo "2197"]
[PlyCount "80"]
[EventDate "2004.??.??"]

1. e4 c5 2. c3 Nf6 3. e5 Nd5 4. d4 cxd4 5. Nf3 e6 6. cxd4 b6 7. Bc4 Bb7 8. O-O
Be7 9. Re1 O-O 10. Bxd5 Bxd5 11. Nc3 Bb7 12. d5 Bb4 13. Bg5 Qe8 14. Ne4 f5 15.
exf6 gxf6 16. Bxf6 Bxd5 17. Nfg5 Bxe1 18. Qxe1 Qg6 19. Bc3 Nc6 20. f3 Rf5 21.
Nh3 Raf8 22. Kh1 Bxe4 23. Qxe4 d5 24. Qc2 e5 25. Rd1 d4 26. Be1 Ne7 27. Bg3 Qc6
28. Qb3+ R8f7 29. Bh4 Qd5 30. Qa3 Ng6 31. Bg3 Rxf3 32. Qa6 b5 33. Qc8+ Rf8 34.
Qg4 Rf1+ 35. Rxf1 Rxf1+ 36. Ng1 d3 37. Qc8+ Rf8 38. Qc1 d2 39. Qd1 Rf1 40. Qxf1
40... d1=Q {bily se vzdal} 0-1